Quizzes
Events
Quiz Creation
Community
Videos
Private Events
Remove Ads
Sign In
Join for FREE
Feedback
Dark Mode
Quiz Categories
Sports
Geography
Music
Movies
Television
Just For Fun
Miscellaneous
History
Literature
Language
Science
Gaming
Entertainment
Religion
Holiday
For Kids
Quiz Lab
Recent
Popular Today
Quiz Kudos Today
Editor Picks
Curator Picks
Quizzes by...
Day
Popularity
Type
Ratings
Length
Year
Community
Subscriptions
Recent Discussions
Orange Saloon
Badges
Playlists
Quests
Create
Leaderboards
Showdown
Live 5
Trivia Bingo
Activity
Puzzle Library
Sporcle Events
Private Events
Virtual Trivia
Globe League
Become a Host
Pub Owners
SporcleCon
Opinionation
Our Games
Videos
Blog
Mobile Apps
Partnerships
Remove Ads and Go Orange
Feedback
Music
Pop Music
The Beatles
Song
Album
Lyrics
Bands
Singers
Artist
Clip
Rock
Rap
Classical
Billboard
Country Music
Kpop
Taylor Swift
Music
Pop Music
The Beatles
Song
Album
Lyrics
Bands
Singers
Artist
Clip
Rock
Rap
Classical
Billboard
Country Music
Kpop
Taylor Swift
Random Quiz
Search Sporcle
×
Quiz Lab
Quiz Lab
Music
spear
Type in answers that appear in a list
Type in answers that appear in a list
Classic
Best Score? Go Orange.
Oops!... I Did It Again lyrics Stats
Can you name Britney Spears' Oops!... I Did It Again lyrics?
By
Barley
10m
237 Questions
2,426 Plays
2,426 Plays
2,426 Plays
Comments
Comments
Give Quiz Kudos
Give Quiz Kudos
-
- Ratings
hide this ad
Replay
Link that replays current quiz
Next Quiz
Link to next quiz in quiz playlist
You Got
0%
They Got
Avg Score
84%
Avg Friend Score
Upgrade to see
Score Distribution
Jump to the score distribution portion of the page
Score
0/237
Timer
10:00
0
Plays Today
Answer
% Correct
did
98%
did
98%
did
98%
did
98%
it
97.9%
It
97.9%
it
97.9%
it
97.9%
it
97.9%
it
97.9%
it
97.9%
it
97.9%
it
97.9%
again
97.7%
again
97.7%
again
97.7%
again
97.7%
you
97.4%
You
97.4%
You
97.4%
you
97.4%
you
97.4%
you
97.4%
you'
97.4%
you
97.4%
You
97.4%
you
97.4%
Oops!
97.2%
Oops!
97.2%
Oops!
97.2%
Oops!
97.2%
Oops!
97.2%
Oops!
97.2%
Oh
96%
Oh
96%
Oh
96%
oh
96%
'Oh
96%
'Oh
96%
Oh
96%
Oh
96%
Baby
96%
Baby
96%
Baby
96%
Baby
96%
Baby
96%
Baby
96%
baby
96%
Baby
96%
Baby
96%
Baby
96%
in
95.5%
in
95.5%
in
95.5%
in
95.5%
in
95.5%
in
95.5%
in
95.5%
think
95.4%
think
95.4%
think
95.4%
think
95.4%
I'm
94.8%
I'm
94.8%
I'm
94.8%
I'm
94.8%
I'm
94.8%
I'm
94.8%
I'm
94.8%
I'm
94.8%
I'm
94.8%
I'm
94.8%
I'm
94.8%
that
94.7%
that
94.7%
That
94.7%
that
94.7%
that
94.7%
That
94.7%
Answer
% Correct
that
94.7%
that
94.7%
That
94.7%
that
94.7%
the
94.3%
the
94.3%
the
94.3%
the
94.3%
the
94.3%
the
94.3%
your
94.1%
your
94.1%
your
94.1%
heart
93.8%
heart
93.8%
heart
93.8%
lost
92.7%
lost
92.7%
lost
92.7%
love
92.5%
love
92.5%
got
92.4%
got
92.4%
got
92.4%
got
92.4%
game
92.3%
game
92.3%
game
92.3%
not
92.3%
not
92.3%
not
92.3%
played
92%
with
92%
with
92%
played
92%
I
90.5%
I
90.5%
I
90.5%
I
90.5%
I
90.5%
I
90.5%
I
90.5%
I
90.5%
I
90.5%
I
90.5%
I
90.5%
I
90.5%
go
90.3%
innocent
90.2%
innocent
90.2%
innocent
90.2%
just
87.5%
just
87.5%
just
87.5%
me
87.1%
me
87.1%
from
86.3%
from
86.3%
from
86.3%
to
85.8%
my
85.8%
my
85.8%
to
85.8%
my
85.8%
to
85.8%
to
85.8%
but
85.1%
But
85.1%
but
85.1%
'But
85.1%
is
84.9%
is
84.9%
is
84.9%
is'
84.9%
so
84.7%
so
84.7%
so
84.7%
above
84.5%
above
84.5%
Answer
% Correct
above
84.5%
see
83.4%
see
83.4%
we're
82.9%
more
82.5%
than
82.3%
made
82.3%
sent
82.2%
sent
82.2%
sent
82.2%
friends
81.7%
believe
81.5%
all
80.4%
all
80.4%
'All
80.4%
like
79.8%
this
79.1%
this...?'
79.1%
this
79.1%
lose
77.6%
lose
77.6%
seem
77.5%
serious
75.3%
typically
75.2%
typically
75.2%
might
74.2%
doesn't
73.7%
mean
73.6%
senses
73.1%
senses
73.1%
problem
72.2%
Yeah yeah yeah yeah yeah yeah
71.2%
Yeah yeah yeah yeah yeah yeah
71.2%
'Yeah,
71.2%
Yeah yeah yeah yeah yeah yeah
71.2%
Yeah yeah yeah yeah yeah yeah
71.2%
crush
70.8%
and
70.7%
for
68.7%
have'
68.5%
have'
68.5%
a
67.8%
a
67.8%
ways
64.5%
shouldn't
64.4%
many
64.3%
ocean
62.9%
thought
62.6%
watching
61.9%
fool
61.5%
down
61.4%
went
61.1%
old
60.8%
lady
60.8%
away
60.3%
cry
59.1%
dreaming
58.7%
'Well
58.6%
Cause
58%
dropped
56.2%
wishing
55.8%
days
55.8%
want
55.7%
it's
55.6%
end?'
54.4%
truly
53.6%
into
53.1%
'Britney
52.9%
exist
52.7%
something
51.8%
isn't
50.3%
Can't
49.6%
before
49.3%
there's
48.5%
heroes
47.5%
yes
47%
they
46.5%
beautiful
45.6%
aboard'
42.5%
Quiz Playlist
Details
Report
Send in Message
Add To Playlist
Classic:
Type in answers that appear in a list
Last Updated: Feb 16, 2017
Quiz Scoreboard
CHALLENGE
Sign Up to Join the Scoreboard
Show All
Scores
Hide
Comments
May contain spoilers
Recently Published
Decade Duel: World Leaders
by jenniferyan
History
4m
Alphabetical 'K' Countries by Flag Minefield
by ylime102
Geography
3m
Pick 6: Fruits
by JohnFran
Miscellaneous
15s
More to Explore
Quiz From the Vault
Featured Blog Post
15 Basketball Trivia Facts You Can Be March Mad About
hide this ad
You Might Also Like...
Tags
Again
Britney
Britney Spears
oop
spear
Today's Top Quizzes in Music
Browse Music
hide this ad
Today's Top Quizzes in spear
Browse spear
Top Contributed Quizzes in Music
1
Taylor Swift All Songs (2024)
2
KPOP LOGIC QUIZ
3
Taylor Swift Logic Puzzle
4
Decade Duel: Singer
5
Guess the Taylor Swift song (Mystery Song)
6
A Taylor Swift Logic Puzzle
7
Guess The Taylor Swift Lyrics Song #1
8
kpop group name match up
9
2 word kpop group match
10
K-Pop : 100 Debut Songs (Part 1 of 3)
Explore More
Trending Topics
Anime
Kpop
Disney
Marvel
Crossword
Harry Potter
NBA
The Office
Pokémon
Puzzle
WWE
Soccer
Country
Song
NFL
hide this ad
More By:
Barley
Quiz
Plays
Rating
Category
Featured
Created
Oops!... I Did It Again lyrics
2,426
3.38
Music
Aug 26, 2014
'You May Be Right' Lyrics by Billy Joel
1,587
4.30
Music
Sep 30, 2014
Brighter Than The Sun by Colbie Caillat Lyrics
163
5.00
Music
Aug 25, 2014
Go to Creator's Profile
Score Distribution
Quiz Creator Spotlight
Barley
Follow
Send a Message
Quizzes Created
-
Created Quiz Play Count
-
More By This Creator
Popular Quizzes Today
1
Countries of Asia Without Outlines Minefield
2
Find the US States - No Outlines Minefield
3
Pick 6: Fruits
4
The Countries of the World
5
Alphabetical 'K' Countries by Flag Minefield
6
Find the Countries of Europe - No Outlines Minefield
7
US States
8
Find the US States
More Music Quizzes
Album of the Year by #1 Hit
Published
Trending Quizzes
Pick 6: Mountains
Pick 6: Harry Potter
Pick 6: Flags
Pick 6: NFL Teams
Pick 6: Movie Franchises
Recently Updated
Adaptations: Name the Title
pecheneg
NWSL Teams
pecheneg
Women's Final Four Teams by Year
bhenderson79
Presidents Quartet II
eogle
Anything But Clue(do)
eogle
Anything But Oceanian Capitals
eogle
Anything But 7
eogle
Anything But Thing
eogle
Word Ladder: February 29
pecheneg
Song Title Questions
pecheneg
Trending Topics
NBA
Kpop
Marvel
Disney
Anime
Harry Potter
Crossword
Soccer
WWE
The Office
Country
Song
Puzzle
NFL
Pokémon
Your Account Isn't Verified!
In order to create a playlist on Sporcle, you need to verify the email address you used during registration. Go to your
Sporcle Settings
to finish the process.
Report this User
Report this user for behavior that violates our
Community Guidelines
.
Details:
Send Report
Go to the Sporcle.com Mobile Site →
Comments